Διαχείριση Κρίσεων στις Πολυεθνικές (Record no. 8587)
[ view plain ]
| 000 -LEADER | |
|---|---|
| fixed length control field | 01572cam a22001934a 4500 |
| 005 - ΗΜΕΡΟΜΗΝΙΑ ΚΑΙ ΩΡΑ ΤΕΛΕΥΤΑΙΑΣ ΕΝΗΜΕΡΩΣΗΣ | |
| Πεδίο ελέγχου | 20250605165244.0 |
| 008 - FIXED-LENGTH DATA ELEMENTS--GENERAL INFORMATION | |
| Πεδίο ελέγχου σταθερού μήκους | 250528s ||||||||||||||||||||||||d |
| 035 ## - SYSTEM CONTROL NUMBER | |
| System control number | 23586 |
| 040 ## - ΠΗΓΗ ΚΑΤΑΛΟΓΟΓΡΑΦΗΣΗΣ | |
| Φορέας πρωτότυπης καταλογογράφησης | MC Athens Campus Library |
| Γλώσσα καταλογογράφησης | Ελληνικά, Μοντέρνα (1453-) |
| Modifying agency | MC Athens Campus Library |
| Κανόνες περιγραφικής καταλογογράφησης | AACR2 |
| 245 1# - ΤΙΤΛΟΣ ΚΑΙ ΔΗΛΩΣΗ ΥΠΕΥΘΥΝΟΤΗΤΑΣ | |
| Τίτλος | Διαχείριση Κρίσεων στις Πολυεθνικές |
| 260 ## - PUBLICATION, DISTRIBUTION, ETC. | |
| Date of publication, distribution, etc. | 2011 |
| 300 ## - PHYSICAL DESCRIPTION | |
| Extent | 31 |
| 520 ## - SUMMARY, ETC. | |
| Summary, etc. | Η Έννοια της Διαχείρισης Κρίσεως, Ορισμός, Δομικά Στοιχεάι της Κρίσης - Φάσεις, Διαχείριση Κρίσεων - Ορισμός, Α;ιτίες Ενδεχόμενων Κρίσεων, Το Περιβάλλον μιας Επιχείρησης, Το Περιβάλλον του Μάρκετινγκ, Το Μίκροπεριβάλλον του Μάρκετινγκ, Το Μακροπεριβάλλον του Μάρκετινγκ, Οι Λόγοι της Δημιουργίας Κρίσης σε μία Επιχείρηση, Πολυπλοκότητα του Περιβάλλοντος, ''Μα'υρος Κύκνος'', Μη Κατανόηση του Εκάστοτε Μηνύματος, Τα Ψηφιακά Μέσα, Ιδρυματοποίηση και Ψιλομύτες Στελέχη, Οι Αντιδράσεις των Πολυεθνικών στην Κρίση, Συμπεράσματα - Η Εταιρία του Μέλλοντος, Βιβλιογραφία. |
| 700 1# - ΠΡΟΣΘΕΤΗ ΑΝΑΓΡΑΦΗ--ΦΥΣΙΚΟ ΠΡΟΣΩΠΟ | |
| Personal name | Θεοδωρόπουλος Ανδρέας |
| 9 (RLIN) | 3878 |
| 700 1# - ΠΡΟΣΘΕΤΗ ΑΝΑΓΡΑΦΗ--ΦΥΣΙΚΟ ΠΡΟΣΩΠΟ | |
| Personal name | Καραμπάτσου Κωνσταντίνα |
| 9 (RLIN) | 9173 |
| 942 ## - ADDED ENTRY ELEMENTS (KOHA) | |
| Koha item type | Διπλωματική εργασία |
| Τύπος τεκμηρίου | Βιβλιοθήκη | Τρέχουσα τοποθεσία | Barcode | Ημερομηνία απόκτησης | Ταξιθετικό σύμβολο | Αριθμός αντιτύπου | Κατάσταση απόσυρσης | Κατάσταση χαμένου | Κατάσταση κατεστραμμένου | Μη δανεισμός | Σύνολο δανεισμών | Ημερομηνία τελευταίας εμφάνισης | Η τιμή ισχύει από |
|---|---|---|---|---|---|---|---|---|---|---|---|---|---|
| Διπλωματική εργασία | MC Athens Campus Library | MC Athens Campus Library | 9780000085863 | 05/06/2025 | BUS 2011 (8) | 1 | 05/06/2025 | 05/06/2025 |